Anthropologie bolivienne / (Record no. 52602)

MARC details
000 -LEADER
campo de control de longitud fija 00807nam a2200193 i 4500
001 - NÚMERO DE CONTROL
campo de control 52602
003 - IDENTIFICADOR DE NÚMERO DE CONTROL
campo de control ES-MaACL
005 - FECHA Y HORA DE LA ÚLTIMA TRANSACCIÓN
campo de control 20230906162617.0
007 - CAMPO FIJO DE DESCRIPCIÓN FÍSICA--INFORMACIÓN GENERAL
campo de control de longitud fija t|
008 - DATOS DE LONGITUD FIJA--INFORMACIÓN GENERAL
campo de control de longitud fija 030901s1908 fr ||||1| fre d
100 1# - ENTRADA PRINCIPAL--NOMBRE DE PERSONA
Nombre de persona Chervin, Arthur (
Fechas asociadas al nombre 1850-1921)
9 (RLIN) 38379
245 10 - MENCIÓN DEL TÍTULO
Título Anthropologie bolivienne /
Mención de responsabilidad, etc. par Arthur Chervin.
260 ## - PUBLICACIÓN, DISTRIBUCIÓN, ETC.
Lugar de publicación, distribución, etc. Paris :
Nombre del editor, distribuidor, etc. Librairie H. le Soudier,
Fecha de publicación, distribución, etc. 1908 (
Fabricante Imp. Nationale)
300 ## - DESCRIPCIÓN FÍSICA
Extensión 3 v., 159 lám. :
Otras características físicas il. ;
Dimensiones 28 cm.
505 8# - NOTA DE CONTENIDO CON FORMATO
Nota de contenido con formato Contiene: t. 1. Ethonologie, démographie, photographie métrique (XL, 411 p., [16] h. de lám.) -- t. 2. Anthropométrie (435 p.) -- t. 3. (151 p.)
594 ## - Nota al título y mención de responsabilidad
Nota al título y mención de responsabilidad Precede al título: Mission Scientifique G. de Créqui Montfort et E. Sénéchal de la Grange.
650 #4 - PUNTO DE ACCESO ADICIONAL DE MATERIA--TÉRMINO DE MATERIA
Término de materia o nombre geográfico como elemento de entrada Antropología física-
Subdivisión geográfica Bolivia.
9 (RLIN) 153065
852 ## - LOCALIZACIÓN
Ubicación ES-MaACL
Número de control de estantería F-11514-16
Holdings
Estatus retirado Estado de pérdida Estado de daño No para préstamo Biblioteca de origen Biblioteca actual Ubicación en estantería Fecha de adquisición Fuente de adquisición Total de préstamos Signatura topográfica completa Código de barras Visto por última vez Precio de reemplazo Tipo de ítem Koha
        Biblioteca del Ateneo de Madrid Biblioteca del Ateneo de Madrid Sala Pecera Planta 2 17/01/2008     F-11514-16 1055285 23/02/2023 23/02/2023 Libro impreso